| 000 | 00828cam a22001934a 4500 | ||
|---|---|---|---|
| 005 | 20250605164329.0 | ||
| 008 | 250528s ||||||||||||||||||||||||d | ||
| 035 | _a23168 | ||
| 020 | _a9781439856284 | ||
| 040 |
_aGR-AtMCL _bgre _dGR-AtMCL _eAACR2 |
||
| 245 | 1 | _aElectric Power Generation, Transmission, and Distribution / Third Edition | |
| 250 | _a3rd | ||
| 260 |
_bCrc Press, _c2013 |
||
| 520 | _aThis handbook provides convenient access to detailed information on a diverse array of power electronic topics. Preface, Contributors, Electric Power Generation: Nonconventional Methods, Electric Power Generation: Conventional Methods, Transmission System, Distribution Systems, Electric Power Utilization, Power Quality, Index. | ||
| 700 | 1 |
_aGrigsby Leonard L _98744 |
|
| 942 | _cBK | ||
| 999 |
_c8198 _d8198 |
||